000 00213 a2200097 4500
001 22426
100 _aThomas, G B
245 _aCalculus and analytic geometry
260 _a
_bAdrson
_c1964
090 _c15196
_d15196
942 _aNUST-CAE
_cM
_c5776
999 _c257499
_d257499